| 000 | 01755cam a2200529 i 4500 | ||
|---|---|---|---|
| 001 | 11115 | ||
| 003 | KOSZ 005 | ||
| 005 | 20250805063837.0 | ||
| 008 | 250804s1965 pl a f 001 0 pol | ||
| 015 | _aUWD 1965/8809 | ||
| 035 | _a991042040039705066 | ||
| 035 | _a(PL-WaBN)b21253481-48omnis_nlop | ||
| 035 | _ab21253481 | ||
| 035 | _a(OCoLC)749175292 | ||
| 035 | _azz2004790318 | ||
| 035 | _a(PL)b0000002125348 | ||
| 035 | _a(EXLNZ-48OMNIS_NETWORK)9910117442705606 | ||
| 040 |
_aWA N _cWA N _dKOSZ 005/RW |
||
| 041 | 1 |
_apol _hrus |
|
| 046 | _k1959 | ||
| 080 | _a53 | ||
| 080 | _a(07) | ||
| 100 | 1 |
_aKitajgorodskij, Aleksandr Isaakovič _d(1914-1985) _eAutor |
|
| 245 | 1 | 0 |
_aFizyka / _cA. I. Kitajgorodski ; tłumaczyli Wojciech Frejlak i Stanisław Otwinowski. |
| 246 | 1 |
_iTytuł oryginału: _aVvedenie v fiziku |
|
| 250 | _aWydanie II. | ||
| 260 |
_aWarszawa : _bPaństwowe Wydawnictwo Naukowe, _c1965. |
||
| 300 |
_a919 stron : _bilustracje ; _c22 cm. |
||
| 336 |
_aTekst _btxt _2rdacontent |
||
| 337 |
_aBez urządzenia pośredniczącego _bn _2rdamedia |
||
| 338 |
_aWolumin _bnc _2rdacarrier |
||
| 380 | _aKsiążki | ||
| 380 | _aPublikacje dydaktyczne | ||
| 385 |
_mPoziom nauczania _aSzkoły wyższe |
||
| 388 | 1 | _a1901-2000 | |
| 388 | 1 | _a1945-1989 | |
| 504 | _aIndeks. | ||
| 650 | 7 |
_aFizyka _2DBN |
|
| 655 | 7 | _aPodręcznik | |
| 658 | _aFizyka i astronomia | ||
| 700 | 1 |
_aFrejlak, Wojciech _eTłumaczenie |
|
| 700 | 1 |
_aOtwinowski, Stanisław _eTłumaczenie |
|
| 710 | 2 |
_aPaństwowe Wydawnictwo Naukowe _4pbl |
|
| 856 |
_uhttps://koha.tu.koszalin.pl/cgi-bin/koha/opac-detail.pl?biblionumber=11115 _yKatalog online BPK |
||
| 942 |
_2UKD _cKS |
||
| 999 |
_c11115 _d11115 |
||